[Event "RUS-chT Blitz Men 2018"]
[Site "Sochi"]
[Date "2018.10.10"]
[Round "4"]
[White "Nazaretyan, Tigran"]
[Black "Tekeyev, Zaur"]
[Result "1-0"]
[WhiteElo "2248"]
[BlackElo "2392"]
[Annotator "TA"]
[PlyCount "99"]
[EventDate "2018.10.10"]
[EventType "swiss"]
[EventCountry "RUS"]
[SourceTitle "playchess.com"]
[Source "ChessBase"]
[SourceQuality "1"]

{[%evp 21,99,41,95,0,80,19,60,36,41,35,52,0,39,-11,-19,-59,-70,-266,-189,-275,-253,-308,-297,-310,-298,-316,-297,-492,-463,-424,-336,-350,-272,-271,-252,-498,-229,-362,-389,-381,-364,-634,-525,-573,-287,-289,-279,-280,-255,-252,1041,1042,1012,1004,29977,434,29977,29978,29980,29981,29981,29982,29982,29983,29983,29984,29984,29985,29985,29984,29984,29985,29985,29986,29987,29988,29988,29989,29989,29990]} 1. d4 Nf6 2. c4 g6 3. Nc3 Bg7 4. e4 O-O 5. Nf3 d6 6. Be2 e5 7. O-O Nc6 8. d5 Ne7 9. b4 Ne8 10. c5 f5 11. Nd2 Nf6 {LiveBook: 270 Partien} (11... a5 $14) 12. Bd3 $146 {E97: Königsindisch (Klassisches System)} (12. f3 $16) ({Vorgänger:} 12. a4 f4 13. Nc4 g5 14. Nb5 Ne8 15. Ba3 Ng6 16. Bg4 Bxg4 17. Qxg4 Rf7 18. f3 Bf6 19. Rfd1 Be7 {1-0 (37) Ernst,S (2553)-Andersen,M (2590) Netherlands 2018}) 12... f4 (12... Kh8 $11 {bleibt in der Remisbreite.}) 13. f3 ({Besser ist} 13. a4 $16) 13... g5 14. Be2 {Weiß steht etwas besser.} Ng6 15. Nc4 Rf7 16. b5 (16. a4 $14) 16... Bf8 17. cxd6 cxd6 18. Ba3 h5 19. h3 $2 (19. b6 $15 axb6 20. Rb1) 19... Rg7 20. Rc1 (20. Kf2 {ist eine bessere Verteidigung.} Nh4 21. Rg1) 20... Nh4 21. Qe1 Nh7 $1 22. Rf2 {[#]} g4 $1 {[%cal Rg4h3]} 23. fxg4 hxg4 24. Bxg4 $2 (24. hxg4 {einziger Zug.} Bxg4 25. Bxg4 Rxg4 26. Nd2) 24... Bxg4 $19 25. hxg4 Rxg4 26. Kf1 Ng5 27. Nd2 Rc8 28. Nf3 $2 (28. Ne2) 28... Qa5 (28... Ngxf3 $142 29. gxf3 Rg3) 29. Bb2 (29. Nxg5 $142 Rxg5 30. Bb2) 29... Nhxf3 30. gxf3 Rg3 31. Ke2 $2 (31. Ne2 Rxc1 32. Bxc1 Qxb5 33. a4) 31... Qb4 32. Qd2 Qc4+ 33. Qd3 Qxd3+ 34. Kxd3 Nxf3 35. Ne2 Ng5+ $4 {[%mdl 8192]} (35... Ne1+ $19 36. Kd2 Rxc1 37. Bxc1 Nd3) 36. Nxg3 $18 Rxc1 37. Bxc1 fxg3 {[%mdl 4096] Endspiel [#] KTL-KLS} 38. Rf5 (38. Rxf8+ $142 $1 {[%mdl 512]} Kxf8 39. Bxg5 g2 40. Be3 a6 41. bxa6 bxa6 42. Ke2 Ke7 43. Kf3) 38... Be7 (38... Nh3 $18 39. Rf3 Nf2+ 40. Ke3 Bh6+ 41. Ke2 Bxc1) 39. Bxg5 {Weiß setzt Matt.} g2 40. Bxe7 g1=Q 41. Rg5+ Qxg5 42. Bxg5 {KL-KB} Kf7 43. Ke3 Ke8 44. Kf3 Kd7 45. Kg4 Kc7 46. Kf5 Kb6 47. a4 Ka5 48. Ke6 Kxa4 49. Kxd6 Kxb5 50. Kxe5 {Precision: Weiß = 38%, Schwarz = 49%.} 1-0

[Event "RUS-chT Blitz Men 2018"]
[Site "Sochi"]
[Date "2018.10.10"]
[Round "4"]
[White "Riazhskih, Vitaly"]
[Black "Kozionov, Kirill"]
[Result "1/2-1/2"]
[WhiteElo "2165"]
[BlackElo "2458"]
[Annotator "TA"]
[PlyCount "154"]
[EventDate "2018.10.10"]
[EventType "swiss"]
[EventCountry "RUS"]
[SourceTitle "playchess.com"]
[Source "ChessBase"]
[SourceQuality "1"]

{[%evp 16,154,-4,-9,19,0,45,33,41,50,47,31,39,27,44,26,40,50,50,35,36,16,20,29,27,11,37,16,4,3,0,0,27,0,0,0,22,24,25,24,24,23,22,23,26,18,22,-12,152,143,212,214,411,404,606,562,559,559,541,68,168,168,698,693,614,571,329,0,0,0,22,22,22,22,22,22,22,22,22,22,26,26,26,26,26,26,26,26,30,26,26,26,26,26,26,26,26,26,26,26,26,22,22,0,26,0,26,0,26,26,26,26,26,0,26,0,26,0,26,26,26,26,26,26,26,26,26,0,26,0,26,0,26,26,26,26,26,14,22,-8,-8]} 1. e4 c5 2. Nf3 d6 3. d3 Nc6 4. g3 g6 5. Bg2 Bg7 6. O-O Nf6 7. Nbd2 O-O 8. c3 Rb8 9. a4 {LiveBook: 35 Games} Bg4 {A05: Réti Opening: 1 Nf3 Nf6} (9... a6 10. d4 cxd4 11. Nxd4 Bg4 12. f3 Bd7 13. Nxc6 Bxc6 14. Re1 Qc7 15. Nf1 b5 16. axb5 axb5 17. Ne3 b4 {½-½ (29) Vajda,L (2563)-Vovk,Y (2592) Slovakia 2015}) 10. h3 Bxf3 (10... Be6 {feels hotter.} 11. Re1 Qc8 12. Kh2 Rd8 13. Ng5 Bd7) 11. Nxf3 Nd7 {White is slightly better.} 12. Be3 a6 13. Qd2 Re8 14. Bg5 $146 ({Predecessor:} 14. Bh6 e5 15. Bxg7 Kxg7 16. Nh2 Nf6 17. f4 b5 18. axb5 axb5 19. fxe5 dxe5 {1-0 (38) Rizzitano,J (2420)-Gurevich,D (2480) Chicago 1989}) 14... Qa5 15. h4 b5 16. axb5 Qxb5 17. Ra2 Nde5 18. Nxe5 Nxe5 19. Rd1 $1 a5 20. h5 a4 21. hxg6 hxg6 22. f4 Nd7 23. Bh3 Nf8 24. f5 Qb3 25. Rda1 a3 26. Rxa3 Qxb2 27. Qxb2 Rxb2 28. Ra8 Rbb8 29. Rxb8 Rxb8 30. Bxe7 {Threatens to win with f6.} Bxc3 31. Bxd6 {Hoping for Ra2.} Rd8 $2 (31... Rb6 $11 32. Bxf8 (32. Bxc5 Rc6 $11) 32... Bxa1 33. Bxc5 Rb3) 32. Ra6 $16 g5 (32... gxf5 $16 {was worth a try.} 33. Bxf5 (33. exf5 Nd7 $16) 33... Ne6) 33. Bxc5 $18 Rxd3 $2 {[#]} (33... Nd7) 34. Ra8 $1 Bd4+ (34... Bg7 $142 35. f6 Bxf6 36. Bxf8 Rxg3+ 37. Kh2 Rd3 38. Bd6+ Kg7) 35. Bxd4 Rxd4 {[%mdl 4096] Endgame [#] KRB-KRN} 36. e5 $1 Re4 37. e6 $2 (37. Re8 $18) 37... fxe6 (37... Re5 $1 $14 38. Kf1 fxe6) 38. fxe6 Kg7 $2 (38... Re1+ 39. Kf2 Re5) 39. Ra7+ Kg8 40. Bf5 Re5 41. g4 $2 (41. e7 $18) 41... Nxe6 $11 42. Re7 Rxf5 43. gxf5 {KR-KN} Ng7 44. f6 {[%cal Bf5f6,Bf6f7][%mdl 32]} Nh5 45. f7+ Kf8 46. Ra7 Nf4 47. Kf2 Nd3+ 48. Ke3 Ne5 49. Ke4 Nxf7 50. Kf5 Ke8 51. Kf6 Nd8 52. Kxg5 Nf7+ 53. Kf6 Nd6 54. Ke6 {Intending Ra8+ and mate.} Nc8 55. Rb7 Kd8 56. Rh7 Nb6 57. Kd6 {[%cal Rh7h8]} Nc8+ 58. Kc6 Ne7+ 59. Kd6 {White threatens Rh8+ and mate.} Nc8+ 60. Ke6 Nb6 61. Rb7 Nc8 $1 62. Rd7+ Ke8 63. Rh7 {[%cal Rh7h8]} Kd8 64. Rd7+ Ke8 65. Rb7 (65. Rc7 {with more complications.} Kd8 66. Rc6 Na7 67. Rc3 Nb5 68. Rd3+) 65... Kd8 66. Rh7 Nb6 67. Rg7 Nc8 68. Rb7 Ke8 69. Rd7 Nb6 70. Rc7 {Threatening mate with Rc6.} Kd8 71. Rb7 Nc8 $1 72. Rd7+ Ke8 73. Rh7 {[%cal Rh7h8]} Kd8 74. Rg7 Nb6 75. Kd6 {[%cal Rg7g8]} Nc8+ 76. Kc6 {aiming for Rg8+.} Ne7+ 77. Kd6 Nf5+ {Precision: White = 54%, Black = 47%.} 1/2-1/2

[Event "RUS-chT Blitz Men 2018"]
[Site "Sochi"]
[Date "2018.10.10"]
[Round "4"]
[White "Okun, Evgeny"]
[Black "Demidov, Mikhail"]
[Result "0-1"]
[WhiteElo "2163"]
[BlackElo "2514"]
[Annotator "TA"]
[PlyCount "66"]
[EventDate "2018.10.10"]
[EventType "swiss"]
[EventCountry "RUS"]
[SourceTitle "playchess.com"]
[Source "ChessBase"]
[SourceQuality "1"]

{[%evp 9,66,0,0,0,0,0,0,0,9,-7,-7,-3,0,0,21,0,0,0,0,-43,-47,-47,-53,-53,-26,-51,4,-101,-106,-137,-138,-175,-182,-251,-244,-314,-296,-280,-264,-343,-347,-400,-342,-418,-419,-401,-407,-501,-387,-386,-377,-415,-416,-381,-412,-452,-416,-458,-447]} 1. Nf3 g6 2. d4 Bg7 3. Bf4 d6 4. h3 Nf6 5. c3 b6 6. e3 {A48: 1 d4 Nf6 2 Nf3 g6: Torre, London and Colle Systems} Bb7 7. Be2 Nbd7 8. O-O {The position is equal.} O-O 9. Bh2 Ne4 (9... Qe8 10. a4 a6 11. Nbd2 e5 12. b4 Qe7 13. Qb3 a5 14. b5 Kh8 15. Rac1 Rae8 16. Ne1 {1-0 (46) Eljanov,P (2700)-Firouzja,A (2572) Sharjah 2018}) 10. Nbd2 Ndf6 11. Qc2 c5 12. Bd3 $146 {[%cal Rd2e4]} ({Predecessor:} 12. Rad1 Rc8 13. Bd3 Nxd2 14. Nxd2 Nd7 15. Qa4 a6 16. Be4 d5 17. Bf3 b5 18. Qb3 c4 {0-1 (49) Alva Mahe,M-Salazar,A (2100) Peru 2000}) 12... Nxd2 13. Nxd2 Qc7 14. e4 (14. Rfe1 {is interesting.} Rfd8 15. dxc5 Qxc5 16. e4 e5 17. Rad1) 14... cxd4 15. cxd4 Qxc2 16. Bxc2 Rfc8 17. Bd3 d5 (17... Nd7 $15 18. Nf3 Nb8) 18. f3 (18. e5 $1 $11 {was the only way to keep the balance.} Ne4 19. Bf4) 18... Bh6 $36 {[%mdl 2048] Black is really pushing.} 19. Rfd1 Be3+ 20. Kf1 Bxd4 21. e5 (21. Rab1 $142) 21... Nd7 $19 ({Worse is} 21... Bxb2 22. Rab1 $11) 22. f4 Bxb2 23. Rab1 Bc3 24. Nf3 Nc5 25. Bc2 Ne4 26. Bxe4 dxe4 27. Nd4 e3 {Hoping for ...Bxd4.} 28. Bg1 Bd2 29. Ke2 Bxg2 30. Bxe3 Bxe3 31. Kxe3 Bxh3 32. Rbc1 Bd7 33. Nf3 Bg4 {Precision: White = 25%, Black = 67%.} 0-1

[Event "RUS-chT Blitz Men 2018"]
[Site "Sochi"]
[Date "2018.10.10"]
[Round "4"]
[White "Dulenko, Maxim"]
[Black "Linker, Mikhail"]
[Result "1-0"]
[WhiteElo "2139"]
[BlackElo "2269"]
[Annotator "TA"]
[PlyCount "101"]
[EventDate "2018.10.10"]
[EventType "swiss"]
[EventCountry "RUS"]
[SourceTitle "playchess.com"]
[Source "ChessBase"]
[SourceQuality "1"]

{[%evp 12,101,41,3,-2,-9,0,-8,-7,-7,-7,-20,-11,-26,13,21,20,28,29,14,25,-12,0,0,22,0,36,13,15,12,23,24,43,7,48,29,80,25,33,30,62,64,75,93,74,89,124,85,91,0,162,143,169,156,513,513,453,432,357,146,150,78,673,673,631,661,654,654,614,595,637,637,849,720,845,835,1454,1464,1558,1498,4994,3034,2122,1895,2950,2945,29988,29989,29990,29991,29991,29992]} 1. e4 {Malakoff/Primel,D} c5 2. Nf3 Nc6 3. d4 cxd4 4. Nxd4 Nf6 5. Nc3 g6 6. Bc4 Bg7 7. Nde2 O-O {B34: Sicilian: Accelerated Dragon with 5 Nc3: sidelines} (7... Na5 {is interesting.} 8. Bb3 d6 9. f3 Bd7 10. Be3 b5) 8. O-O (8. Nf4 b5 9. Bd3 b4 10. Ncd5 Nxd5 11. Nxd5 e6 12. Ne3 f5 13. exf5 gxf5 14. a3 Bb7 15. axb4 Nxb4 {0-1 (26) Shirazi,K (2403)-Motylev,A (2677) Aix les Bains 2011}) 8... d6 9. h3 a6 {The position is equal.} 10. a4 Bd7 11. Be3 Rc8 12. Ba2 Ne5 $146 (12... b5 $5) ({Predecessor:} 12... b5 13. axb5 axb5 14. Ng3 Ne5 15. Bd4 {1-0 (41) Abergel,T (2497)-Shirazi,K (2417) Malakoff 2009 EXT 2010 [Malakoff/Primel,D]}) 13. a5 Nc4 14. Bxc4 $1 Rxc4 15. Bb6 Qe8 16. Nd4 Rc8 17. Re1 Bc6 18. Nxc6 Rxc6 (18... Qxc6 {feels hotter.} 19. Nd5 Nxd5 20. exd5 Qxc2 21. Rxe7 Bxb2 22. Qxc2 Rxc2 23. Rd1 f5) 19. Nd5 Nd7 20. c3 Nxb6 21. Nxb6 Qd8 22. Qd3 Qc7 23. Re2 Rd8 (23... Rc5 $11) 24. Nd5 (24. Rd1 $16) 24... Qd7 $11 25. Rd1 Qe8 26. c4 Rdc8 27. Nb6 $36 {[%mdl 2048] Keeping Black busy.} R8c7 28. b4 h5 29. Re3 Bh6 30. Re2 (30. Ree1 $16) 30... Kh7 $2 {[#]} (30... Bg7 $1 $11) 31. e5 dxe5 32. Rxe5 Kg8 $2 (32... Kh8 $16 33. Rd5 Rd6 34. Rxd6 exd6) 33. Rd5 $18 Rd6 34. Rxd6 exd6 35. Qxd6 (35. Nd5 $18 {is the precise move to win.} Qd8 36. Nxc7 Qxc7 37. g3) 35... Re7 $16 {[#] intending ...Re1+.} 36. Kf1 (36. Qd8 $142 $1) 36... Kh7 $2 {[%mdl 8192]} (36... Bg7 $16) 37. Nd5 $18 Re6 38. Nf6+ Rxf6 39. Qxf6 {[%mdl 4096] Endgame Threatens to win with Rd8. KQR-KQB} Bg7 40. Qf3 Qe7 41. c5 f5 42. Qd3 Qe5 43. Kg1 Qf4 44. b5 axb5 45. Qxb5 h4 46. Qxb7 Kh6 47. Qf3 Qb4 48. c6 {[%cal Bc5c6,Bc6c7][%mdl 32]} Qxa5 49. Qf4+ {White mates.} g5 50. Qd6+ Kh7 51. c7 {Precision: White = 47%, Black = 24%.} 1-0

[Event "RUS-chT Blitz Men 2018"]
[Site "Sochi"]
[Date "2018.10.10"]
[Round "4"]
[White "Tereshechkina, Maya"]
[Black "Pervakov, Sergey"]
[Result "0-1"]
[WhiteElo "2018"]
[BlackElo "2098"]
[Annotator "NA RC"]
[PlyCount "76"]
[EventDate "2018.10.10"]
[EventType "swiss"]
[EventCountry "RUS"]
[SourceTitle "playchess.com"]
[Source "ChessBase"]
[SourceQuality "1"]
[TimeControl "180+2"]

1. d4 {[%emt 0:00:00]} d6 {[%emt 0:00:00]} 2. Nf3 {[%emt 0:00:01]} Nf6 {[%emt 0:00:00]} 3. c4 {[%emt 0:00:01]} g6 {[%emt 0:00:01]} 4. e3 {[%emt 0:00:01]} Bg7 {[%emt 0:00:01]} 5. Be2 {[%emt 0:00:11]} O-O {[%emt 0:00:06]} 6. O-O {[%emt 0:00:01]} c5 {[%emt 0:00:06]} 7. b3 {[%emt 0:00:02]} cxd4 {[%emt 0:00:07]} 8. exd4 {[%emt 0:00:01]} Nbd7 {[%emt 0:00:31]} 9. Bb2 {[%emt 0:00:02]} e6 {[%emt 0:00:05]} 10. Nc3 {[%emt 0:00:11]} a6 {[%emt 0:00:07]} 11. Qd2 {[%emt 0:00:16]} b6 {[%emt 0:00:04]} 12. d5 {[%emt 0:00:16]} e5 {[%emt 0:00:05]} 13. Ng5 {[%emt 0:00:12]} h6 {[%emt 0:00:05]} 14. Nge4 {[%emt 0:00:02]} Nxe4 {[%emt 0:00:08]} 15. Nxe4 {[%emt 0:00:01]} Nc5 {[%emt 0:00:01]} 16. Nxc5 {[%emt 0:00:03]} bxc5 {[%emt 0:00:02]} 17. b4 {[%emt 0:00:21]} cxb4 {[%emt 0:00:11]} 18. Qxb4 {[%emt 0:00:01]} Qc7 {[%emt 0:00:01]} 19. Ba3 {[%emt 0:00:03]} Rd8 {[%emt 0:00:05]} 20. c5 {[%emt 0:00:42]} dxc5 {[%emt 0:00:10]} 21. Qxc5 {[%emt 0:00:01]} Qxc5 {[%emt 0:00:16]} 22. Bxc5 {[%emt 0:00:01]} e4 {[%emt 0:00:01]} 23. Rad1 {[%emt 0:00:21]} Bf5 {[%emt 0:00:05]} 24. Bc4 {[%emt 0:00:08]} Rdc8 {[%emt 0:00:16]} 25. d6 {[%emt 0:00:29]} Rxc5 {[%emt 0:00:02]} 26. Bd5 {[%emt 0:00:03]} Rd8 {[%emt 0:00:01]} 27. h3 {[%emt 0:00:01]} h5 {[%emt 0:00:06]} 28. Bb3 {[%emt 0:00:08]} Be5 {[%emt 0:00:03]} 29. Rd2 {[%emt 0:00:08]} Rxd6 {[%emt 0:00:02]} 30. Rxd6 {[%emt 0:00:03]} Bxd6 {[%emt 0:00:01]} 31. Rd1 {[%emt 0:00:01]} Be5 {[%emt 0:00:04]} 32. g3 {[%emt 0:00:04]} Rc3 {[%emt 0:00:05]} 33. Rd8+ {[%emt 0:00:04]} Kg7 {[%emt 0:00:03]} 34. Ra8 {[%emt 0:00:02]} Bxh3 {[%emt 0:00:06]} 35. Ra7 {[%emt 0:00:02]} Rc7 {[%emt 0:00:05]} 36. Rxa6 {[%emt 0:00:02]} Bg4 {[%emt 0:00:02]} 37. Kg2 {[%emt 0:00:02]} Bf3+ {[%emt 0:00:01]} 38. Kh2 {[%emt 0:00:01]} Rc1 {[%emt 0:00:02]} 0-1

[Event "RUS-chT Blitz Men 2018"]
[Site "Sochi"]
[Date "2018.10.10"]
[Round "4"]
[White "Basiev, Valeriy P."]
[Black "Nuristani, Iman"]
[Result "1-0"]
[WhiteElo "1990"]
[BlackElo "2242"]
[Annotator "TA"]
[PlyCount "97"]
[EventDate "2018.10.10"]
[EventType "swiss"]
[EventCountry "RUS"]
[SourceTitle "playchess.com"]
[Source "ChessBase"]
[SourceQuality "1"]

{[%evp 9,96,58,108,60,62,63,150,108,108,108,118,118,127,121,161,161,297,295,305,323,249,154,143,47,37,38,42,46,75,87,163,156,227,215,237,227,208,186,243,219,217,208,292,242,324,322,300,296,341,345,891,861,833,799,972,913,5396,3212,29990,29991,29991,29992,29992,29991,29991,29989,29991,29992,29992,29990,29990,29991,29991,29992,29995,29993,29994,29995,29995,29993,29995,29994,29994,29993,29994,29995,29997,29998,29999]} 1. c4 Nf6 2. Nc3 e6 3. e4 d6 4. d4 Be7 5. f4 b6 (5... d5 6. e5 Ne4 7. Nxe4 dxe4 8. Ne2 O-O 9. Be3 b6 10. Nc3 Bb7 11. g3 Nc6 12. Bg2 Na5 13. Qe2 {1-0 (29) Warakomski,T (2536)-Jaroch,K (2235) Suwalki 2017}) 6. Nf3 {A18: English Opening: Flohr-Mikenas System (1 c4 Nf6 2 Nc3 e6 3 e4)} Bb7 7. Bd3 c5 (7... e5 $14) 8. d5 {White is clearly better.} exd5 9. cxd5 Nbd7 10. O-O a6 11. a4 $146 Qc7 12. Bc4 O-O-O (12... O-O {was called for.} 13. Re1 Ng4) 13. Re1 Kb8 14. e5 Ne8 15. e6 fxe6 16. dxe6 (16. Rxe6 $16 Bf6 17. Qd3) 16... Ndf6 $14 {Threatening ...d5.} 17. Nd5 Nxd5 18. Bxd5 Nf6 19. Bxb7 Qxb7 {[#]} (19... Kxb7 $16 {might work better.} 20. Ng5 Rc8) 20. Ng5 $1 $36 {[%mdl 2048] Black is under strong pressure.} Nd5 (20... g6 $16 21. Nf7 Rhf8 22. Nxd8 Rxd8) 21. Nf7 $1 {[%csl LRd8,LRh8]} Bf6 22. Nxh8 ({Don't play} 22. Nxd8 $6 Rxd8 23. Ra3 Bd4+ 24. Kh1 g6) 22... Rxh8 23. Kh1 Re8 (23... Qc6 $142 24. f5 g6) 24. f5 Qc6 25. Qh5 Nb4 (25... Rh8 $142 26. Ra3 Ne7) 26. Rf1 Nc2 27. Rb1 Nd4 28. b3 Re7 29. Bg5 Qe4 $2 (29... Qe8 30. Qg4 Bxg5) 30. Bxf6 gxf6 31. Rbe1 Qd5 32. Qh6 Nxf5 {[#]} 33. Rxf5 $1 {[%mdl 512]} Qxf5 {[%mdl 4096] Endgame KQR-KQR} 34. Qf8+ {White mates.} Kb7 35. Qxe7+ Kc6 36. Qd7+ Kd5 37. Qb7+ Kd4 38. e7 Qf2 39. Rg1 Qe2 40. Qd7 d5 41. e8=Q Qd3 42. Qg4+ Kc3 43. Qe1+ Kxb3 44. Qf3 c4 45. Qxd3+ cxd3 46. a5 b5 47. Qd2 Kc4 48. Rc1+ Kd4 49. Qf4# {Precision: White = 69%, Black = 17%.} 1-0

[Event "RUS-chT Blitz Men 2018"]
[Site "Sochi"]
[Date "2018.10.10"]
[Round "5"]
[White "Artemiev, Vladislav"]
[Black "Lysyj, Igor"]
[Result "1-0"]
[WhiteElo "2706"]
[BlackElo "2631"]
[Annotator "TA"]
[PlyCount "93"]
[EventDate "2018.10.10"]
[EventType "swiss"]
[EventCountry "RUS"]
[SourceTitle "playchess.com"]
[Source "ChessBase"]
[SourceQuality "1"]

{[%evp 9,93,7,7,0,0,0,0,0,9,0,0,0,0,0,0,0,0,-8,2,-6,7,0,0,0,0,0,0,0,35,0,69,72,62,69,62,57,70,66,100,80,128,121,120,50,54,49,50,47,55,51,81,39,50,0,76,64,69,72,68,60,42,46,63,64,61,73,110,83,122,73,73,77,73,73,93,49,49,49,49,49,49,49,177,167,29976,29975]} 1. Nf3 d5 2. g3 c6 3. Bg2 Bg4 4. O-O Nd7 5. h3 (5. d4 e6 6. Nbd2 Ngf6 7. Re1 Bd6 8. e4 dxe4 9. Nxe4 Nxe4 10. Rxe4 Bh5 11. d5 Nf6 12. Bg5 Bg6 13. Re1 cxd5 14. Bxf6 gxf6 15. Qxd5 Qb6 16. Nd2 O-O 17. Qxb7 Qxb7 18. Bxb7 {½-½ (25) Artemiev,V (2697)-Lysyj,I (2618) Moscow 2018}) 5... Bxf3 (5... Bh5 6. d4 e6 7. c4 Be7 8. cxd5 exd5 9. Nc3 Bxf3 10. Bxf3 Ngf6 11. Bf4 O-O 12. e3 Re8 {½-½ (53) Harikrishna,P (2732)-Navara,D (2727) Prague 2018}) 6. Bxf3 {A07: Réti Opening: New York and Capablanca Systems} Ngf6 7. d3 e5 8. e4 {The position is equal.} Bc5 9. exd5 Nxd5 10. Nc3 Nxc3 11. bxc3 O-O 12. Re1 $146 ({Predecessor:} 12. Bg2 f5 13. Rb1 Rb8 14. d4 {½-½ (49) Sutkiene,R (1901)-Laukola,I ICCF email 2014}) 12... Qc7 13. d4 Bb6 14. Qd3 Rfe8 15. Bd2 $36 {[%mdl 2048] White is pushing.} Rad8 16. Bg5 Rc8 17. Rad1 h6 18. Bc1 Rcd8 19. Qf5 exd4 (19... Ba5 $11) 20. Rxe8+ $14 Rxe8 21. cxd4 Nf8 22. Kg2 Ne6 23. c3 Qd6 24. h4 g6 25. Qd3 h5 26. Re1 ({White should play} 26. d5 $16 cxd5 27. Bxd5) 26... Qd8 {With the idea ...Nf4+!} 27. Re2 Ng7 28. Be4 Qd7 29. a4 Bc7 30. Qf3 Qg4 31. Qd3 Qd7 $1 32. Rb2 b6 33. Qf3 Re6 34. d5 cxd5 35. Bxd5 Re5 36. c4 Rf5 37. Qd3 Ne6 38. Re2 Nc5 39. Qc3 Bd8 {[%cal Bc7d8,Bd8f6,Bf6e5][%mdl 32]} 40. a5 Bf6 41. Qa3 Re5 42. Rxe5 Bxe5 43. axb6 axb6 44. Be3 Qc7 45. Qa8+ Kg7 (45... Qb8 $14) 46. Qe8 $18 {aiming for Bxf7!} Qd7 $2 {[#]} (46... Bc3 $18 47. Kg1 Qd7) 47. Qxe5+ {Precision: White = 65%, Black = 53%.} 1-0

[Event "RUS-chT Blitz Men 2018"]
[Site "Sochi"]
[Date "2018.10.10"]
[Round "5"]
[White "Dubov, Daniil"]
[Black "Zvjaginsev, Vadim"]
[Result "1/2-1/2"]
[WhiteElo "2703"]
[BlackElo "2644"]
[Annotator "TA"]
[PlyCount "58"]
[EventDate "2018.10.10"]
[EventType "swiss"]
[EventCountry "RUS"]
[SourceTitle "playchess.com"]
[Source "ChessBase"]
[SourceQuality "1"]

{[%evp 23,58,15,18,27,22,15,15,0,14,0,0,0,12,11,150,149,142,141,147,131,156,150,127,0,58,55,74,-17,-12,-35,-28,-28,-27,-33,-32,-40,-39]} 1. Nf3 g6 2. e4 Bg7 3. d4 c5 4. Nc3 cxd4 5. Nxd4 Nc6 6. Be3 Nf6 7. Bc4 O-O 8. Bb3 d6 9. f3 Qa5 10. Qd2 Nxd4 11. Bxd4 Be6 12. O-O Nd7 {LiveBook: 3 Partien. B77: Sizilianisch (Moderne Drachen-Variante)} 13. Bxg7 (13. Rad1 Bxd4+ 14. Qxd4 Qb6 15. Nd5 Bxd5 16. Bxd5 Rac8 17. Qxb6 Nxb6 18. Bxb7 Rxc2 19. Rf2 Rc5 20. b3 {½-½ (40) Khanin,S (2494)-Zvjaginsev,V (2643) St Petersburg 2018}) 13... Kxg7 14. Kh1 Rac8 {Die Stellung ist ausgeglichen.} 15. f4 Nf6 16. Rae1 Rfd8 17. Qe2 Qh5 $146 ({Vorgänger:} 17... Qc5 18. e5 dxe5 19. fxe5 {1-0 (73) Pavlicek,M (2252)-Ryska,J (2051) ICCF email 2013}) 18. Qf2 Rc5 (18... Qc5 $11 {bleibt in der Remisbreite.}) 19. Bxe6 $16 fxe6 {[#]} 20. e5 $1 {[%cal Re5f6][%mdl 512]} Ng4 {[%csl Gg4][%cal Rh5h2]} (20... dxe5 21. Qxc5) 21. Qg3 dxe5 22. h3 Nh6 {[%cal Bg4h6,Bh6f5,Bf5d4][%mdl 32] [#]} 23. fxe5 ({Weiss braucht} 23. Ne4 $1 $16 {[%cal Re4c5]} Rxc2 24. Qb3) 23... Rdc8 (23... Nf5 $11 24. Qf2 Rd4) 24. Kg1 $14 Nf5 {[#]} 25. Qf2 (25. Qd3 $1 $16) 25... Qh4 $11 26. g4 Qxf2+ 27. Rxf2 Nd4 28. Re4 Nc6 29. Rfe2 Rd8 {Precision: Weiß = 47%, Schwarz = 56%.} 1/2-1/2

[Event "RUS-chT Blitz Men 2018"]
[Site "Sochi"]
[Date "2018.10.10"]
[Round "5"]
[White "Malakhov, Vladimir"]
[Black "Indjic, Aleksandar"]
[Result "1/2-1/2"]
[WhiteElo "2661"]
[BlackElo "2604"]
[Annotator "TA"]
[PlyCount "99"]
[EventDate "2018.10.10"]
[EventType "swiss"]
[EventCountry "RUS"]
[SourceTitle "playchess.com"]
[Source "ChessBase"]
[SourceQuality "1"]

{[%evp 14,99,22,27,35,28,27,34,51,32,36,40,32,-1,39,20,37,13,49,29,38,29,26,35,39,39,31,39,25,48,56,0,0,-13,28,-83,-77,-77,4,0,0,0,0,0,0,-10,0,-379,22,22,22,43,22,25,35,0,0,0,0,0,0,0,0,0,61,0,23,0,61,61,59,0,0,0,0,0,0,-15,-15,-18,0,0,0,0,0,0,0,0]} 1. Nf3 c5 2. c4 Nf6 3. Nc3 Nc6 4. d4 cxd4 5. Nxd4 e6 6. a3 Bc5 7. Nb3 Be7 8. e4 d6 {A33: Symmetrical English: 2 Nf3 Nf6 3 d4 cxd4 4 Nxd4 e6 5 Nc3 Nc6} 9. Be2 b6 10. O-O Bb7 {White is slightly better.} 11. Be3 O-O 12. f4 Nd7 13. Rc1 {[#]} a6 $146 ({Predecessor:} 13... Nc5 14. Nd2 a5 15. b3 Bf6 16. Ndb1 {0-1 (70) Sadzikowski,D (2587)-Pinter,J (2539) Hungary 2018}) 14. Nd4 Nxd4 15. Bxd4 Qc7 16. b4 Bf6 17. Bxf6 Nxf6 18. Qd4 Rfd8 19. Qe3 a5 20. Nb5 Qc6 21. Bf3 {e5 is the strong threat.} e5 $1 22. Nc3 (22. g4 $14) 22... axb4 $11 23. axb4 exf4 24. Qxf4 (24. Qd4 $11 {remains equal.}) 24... Qxc4 $17 25. Qe3 Qc7 (25... Rab8 $17 26. b5 Qb4) 26. Nd5 Nxd5 27. exd5 Qd7 28. Qxb6 {[#] Black must now prevent Rc7.} Ba6 {aiming for ...Rdb8.} 29. Rc7 Qe8 30. Bh5 $2 {[%mdl 8192]} (30. Rd1 $11) 30... Bxf1 $2 (30... g6 $19 31. Rfc1 gxh5) 31. Bxf7+ $11 Qxf7 32. Rxf7 Kxf7 33. Kxf1 $19 {[%mdl 4096] Endgame KQ-KRR} Kg8 34. h3 Rab8 35. Qa5 Rf8+ 36. Kg1 Rf7 37. Qa6 Rd7 38. Qc6 Rbb7 (38... Rdb7 $1 $11) 39. Qc4 ({Better is} 39. Kh2 $14) 39... h6 40. b5 Kf7 (40... Rdc7 $11 41. Qb4 Rb6) 41. Qc6 Ke7 42. b6 (42. Qc3 $14 Kd8 43. Qc6) 42... Rb8 $1 $11 {The position is equal.} 43. Qb5 Rdb7 44. Qe2+ Kf8 $1 45. Qe6 Rxb6 46. Kh2 R8b7 47. Qc8+ Kf7 48. Qe6+ Kf8 49. Qc8+ Kf7 50. Qe6+ {Precision: White = 40%, Black = 51%.} 1/2-1/2